000
00298nam a2200109 a 4500
005
20140414131951.0
008
110202s19uu xx 00 eng d
050
_a
TR 372.704
_b
P93 2005
100
_a
Mooney, Claire
245
_a
Primary mathematics :
_b
teaching theory and practice.
999
_c
112781
_d
112781